MARC

LEADER 00000nam0a2200000 4500
001 310383
005 20231102002300.0
035 |a (RuTPU)RU\TPU\book\335732 
090 |a 310383 
100 |a 20151125d1981 km y0rusy50 ca 
101 0 |a rus 
102 |a RU 
105 |a a z 000zy 
200 1 |a Пакет программ решения задач геологии нефти и газа  |f Западно-Сибирский научно-исследовательский геологоразведочный нефтяной институт (ЗапСибНИГНИ) ; под ред. А. М. Волкова 
210 |a Тюмень  |c Изд-во ЗапСибНИГНИ  |d 1981 
215 |a 116 с.  |c ил. 
225 1 |a Труды ЗапСибНИГНИ  |v Вып. 161 
606 1 |a Нефтегазоносность  |2 stltpush  |3 (RuTPU)RU\TPU\subj\45590  |9 64783 
610 1 |a нефтегазовая геология 
610 1 |a вычислительные методы 
610 1 |a пакеты прикладных программ 
610 1 |a задачи 
610 1 |a решения 
610 1 |a методы 
610 1 |a сплайн-аппроксимация 
610 1 |a литологические ловушки 
610 1 |a поиск 
610 1 |a оконтуривание 
610 1 |a прогноз 
610 1 |a запасы 
675 |a 553.98  |v 3 
702 1 |a Волков  |b А. М.  |4 340 
712 0 2 |a Западно-Сибирский научно-исследовательский геологоразведочный нефтяной институт (ЗапСибНИГНИ)  |c (Тюмень)  |2 stltpush  |3 (RuTPU)RU\TPU\col\2064 
801 1 |a RU  |b 63413507  |c 20151125 
801 2 |a RU  |b 63413507  |c 20191008  |g RCR 
942 |c BK